[Event "ZI-2010-0-00628"]
[Site "LSS email"]
[Date "2010.01.22"]
[Round "?"]
[White "Yang, Dong"]
[Black "Vio, Mauro"]
[Result "0-1"]
[WhiteElo "1600"]
[BlackElo "1648"]
[PlyCount "38"]
[EventDate "2010.01.10"]
[EventType "match (corr)"]
[EventRounds "2"]
[EventCountry "GER"]
[SourceTitle "Corr 2013"]
[Source "ChessBase"]
[SourceDate "2012.11.12"]
[SourceVersion "1"]
[SourceVersionDate "2012.11.12"]
[SourceQuality "1"]

1. e4 e5 2. Nf3 Nc6 3. d4 exd4 4. Bc4 Bb4+ 5. c3 dxc3 6. bxc3 Bd6 7. Bg5 Nf6 8. 0-0 0-0 9. Re1 Re8 10. Nbd2 h6 11. Bh4 g5 12. Nxg5 hxg5 13. Bxg5 Ne5 14. Bb3 Bc5 15. Nf3 Qe7 16. Nxe5 Qxe5 17. h4 d5 18. Qf3 Nxe4 19. Re2 Nxg5 0-1

[Event "LSS OP-2009-0-00961"]
[Site "LSS email"]
[Date "2009.10.18"]
[Round "?"]
[White "Schalkwijk, Peter H"]
[Black "Yang, Dong"]
[Result "1/2-1/2"]
[WhiteElo "1514"]
[BlackElo "1389"]
[PlyCount "79"]
[EventDate "2009.10.03"]
[EventType "tourn (corr)"]
[EventRounds "4"]
[EventCountry "GER"]
[SourceTitle "Corr 2013"]
[Source "ChessBase"]
[SourceDate "2012.11.12"]
[SourceVersion "1"]
[SourceVersionDate "2012.11.12"]
[SourceQuality "1"]

1. e4 c5 2. Nc3 g6 3. g3 Bg7 4. Bg2 Nc6 5. d3 d6 6. Be3 Nf6 7. h3 0-0 8. Qd2 Nd4 9. 0-0-0 e5 10. Bh6 b5 11. Bxg7 Kxg7 12. f3 Qa5 13. Kb1 Be6 14. f4 Nh5 15. Qf2 Rab8 16. Nf3 Rb6 17. fxe5 b4 18. Nd5 Bxd5 19. exd5 Ra6 20. Nxd4 Qxa2+ 21. Kc1 cxd4 22. Qxd4 Nxg3 23. exd6+ Kg8 24. Rhe1 Nf5 25. Qxb4 Nxd6 26. Re7 Rc8 27. Bf3 Nf5 28. Re4 Kg7 29. Rc4 Re8 30. Qc3+ Kg8 31. Rc8 Rxc8 32. Qxc8+ Kg7 33. Qc3+ Kh6 34. Re1 Rb6 35. b3 Qa3+ 36. Kb1 Ra6 37. Qb2 Qd6 38. Be4 Ng3 39. Bg2 Nh5 40. Rf1 1/2-1/2

[Event "LSS OP-2009-0-00966"]
[Site "LSS email"]
[Date "2009.10.13"]
[Round "?"]
[White "Yang, Dong"]
[Black "Czekala, Franciszek"]
[Result "0-1"]
[WhiteElo "1600"]
[BlackElo "800"]
[PlyCount "72"]
[EventDate "2009.10.08"]
[EventType "tourn (corr)"]
[EventRounds "4"]
[EventCountry "GER"]
[SourceTitle "Telechess CBM 137"]
[Source "ChessBase"]
[SourceDate "2010.07.15"]
[SourceVersion "1"]
[SourceVersionDate "2010.07.15"]
[SourceQuality "1"]

1. e4 e5 2. Nf3 Nc6 3. d4 exd4 4. Bc4 Bb4+ 5. c3 dxc3 6. bxc3 Ba5 7. 0-0 d6 8. Qb3 Qe7 9. e5 Nxe5 10. Nxe5 Qxe5 11. Bxf7+ Kf8 12. Bd2 Bb6 13. Na3 Qf5 14. Bc4 Nf6 15. Rae1 Bd7 16. Nc2 Qa5 17. Be3 Qa4 18. Bxb6 axb6 19. Nd4 Qxb3 20. axb3 d5 21. Bd3 Ra3 22. Bc2 Kf7 23. h3 Rha8 24. Rb1 Ra2 25. Rfc1 c5 26. Nf3 Rxc2 27. Rxc2 Bf5 28. Rcc1 Bxb1 29. Rxb1 Ne4 30. c4 d4 31. b4 Nc3 32. Rb2 Ra1+ 33. Kh2 Rb1 34. Rxb1 Nxb1 35. b5 Kf6 36. g4 d3 0-1

[Event "LSS OP-2009-0-00966"]
[Site "LSS email"]
[Date "2009.10.13"]
[Round "?"]
[White "Yang, Dong"]
[Black "Mosatidis, Theodorus"]
[Result "0-1"]
[WhiteElo "1600"]
[BlackElo "800"]
[PlyCount "46"]
[EventDate "2009.10.08"]
[EventType "tourn (corr)"]
[EventRounds "4"]
[EventCountry "GER"]
[SourceTitle "Telechess CBM 137"]
[Source "ChessBase"]
[SourceDate "2010.07.15"]
[SourceVersion "1"]
[SourceVersionDate "2010.07.15"]
[SourceQuality "1"]

1. e4 c5 2. Nc3 d6 3. f4 Nc6 4. Nf3 g6 5. Bb5 Bd7 6. 0-0 Bg7 7. Qe1 Nd4 8. Bxd7+ Qxd7 9. Nxd4 cxd4 10. Ne2 Qc6 11. Ng3 Qxc2 12. Qe2 d3 13. Qf3 Bd4+ 14. Kh1 Nf6 15. e5 dxe5 16. fxe5 Bxe5 17. Qxb7 0-0 18. Qxe7 Rfe8 19. Qb7 Qc4 20. Qf3 Qh4 21. Rd1 Ng4 22. h3 f5 23. Kg1 Bxg3 0-1

[Event "LSS OP-2009-0-00961"]
[Site "LSS email"]
[Date "2009.10.07"]
[Round "?"]
[White "Mazzeo, Alberto"]
[Black "Yang, Dong"]
[Result "1-0"]
[WhiteElo "2209"]
[BlackElo "1600"]
[PlyCount "79"]
[EventDate "2009.10.03"]
[EventType "tourn (corr)"]
[EventRounds "4"]
[EventCountry "GER"]
[SourceTitle "Telechess CBM 137"]
[Source "ChessBase"]
[SourceDate "2010.07.15"]
[SourceVersion "1"]
[SourceVersionDate "2010.07.15"]
[SourceQuality "1"]

1. d4 Nf6 2. Nf3 e6 3. Bg5 h6 4. Bh4 c5 5. e3 cxd4 6. exd4 Be7 7. Nbd2 0-0 8. c3 b6 9. Bd3 Bb7 10. 0-0 d6 11. Re1 Nbd7 12. Nc4 Ba6 13. Bg3 d5 14. Nce5 Bxd3 15. Qxd3 Nh5 16. Nc6 Qe8 17. Nxe7+ Qxe7 18. Bh4 g5 19. Bg3 Nxg3 20. hxg3 Nf6 21. Re2 Qc7 22. Ne5 Kg7 23. Rae1 Rae8 24. f4 Nd7 25. Qf3 Nxe5 26. Rxe5 Qe7 27. Qxd5 gxf4 28. gxf4 Qh4 29. Qf3 Rd8 30. R1e4 Qf6 31. f5 Rd6 32. Rg4+ Kh8 33. Rf4 exf5 34. Rexf5 Qe7 35. Rxf7 Rxf7 36. Rxf7 Qe1+ 37. Qf1 Qe3+ 38. Kh2 Rg6 39. Rf8+ Kh7 40. Qf7+ 1-0